Los funerales de mama grande /

Guardado en:
Autor Principal: García Márquez, Gabriel
Formato: Libro
Publicado: Buenos Aires : Sudamericana, 1994
Edición:33a. ed.
Materias:
Etiquetas: Agregar Etiqueta
Sin Etiquetas, Sea el primero en etiquetar este registro!
LEADER 00871nam a22002295a 4500
001 CEM.cems009053
005 20100916091130.0
008 130507s1994##################000#0#####d
003 CEMS
020 |a 9500700913 
082 0 4 |a C868.4 
100 1 |a García Márquez, Gabriel 
245 1 0 |a Los funerales de mama grande /  |c Gabriel García Márquez 
250 |a 33a. ed. 
260 |a Buenos Aires :  |b Sudamericana,  |c 1994 
300 |a 197 p. 
505 0 |a La siesta del martes -- Un día de estos -- En este pueblo no hay ladrones -- La prodigiosa tarde de Baltazar -- La viuda de Montiel -- Un día después del sábado -- Rosas artificiales -- Los funerales de Mamá Grande 
653 |a Literatura 
653 |a Literatura colombiana-siglo 20 
653 |a Cuentos 
653 |a Cuentos hispanoamericanos 
859 |a CEMS  |b BIB. CEMS - 11 de abril  |h C868.4  |i G165-3  |p 18674.95  |t Ej.1